Information skills: finding and using the right resources (Record no. 306106)
[ view plain ]
| 000 -LEADER | |
|---|---|
| fixed length control field | 00489nam a2200169Ia 4500 |
| 003 - CONTROL NUMBER IDENTIFIER | |
| control field | 3228 |
| 005 - DATE AND TIME OF LATEST TRANSACTION | |
| control field | 20250217124626.0 |
| 008 - FIXED-LENGTH DATA ELEMENTS--GENERAL INFORMATION | |
| fixed length control field | 210818s9999 xx 000 0 und d |
| 020 ## - INTERNATIONAL STANDARD BOOK NUMBER | |
| International Standard Book Number | 9780230222502 |
| Qualifying information | Paperback |
| 040 ## - CATALOGING SOURCE | |
| Original cataloging agency | RDA |
| Transcribing agency | 3228 |
| 082 ## - DEWEY DECIMAL CLASSIFICATION NUMBER | |
| Classification number | 004,1 GRIX |
| 100 ## - MAIN ENTRY--PERSONAL NAME | |
| Personal name | Jonathan, Grix |
| 9 (RLIN) | 181296 |
| 245 #0 - TITLE STATEMENT | |
| Title | Information skills: finding and using the right resources |
| 260 ## - PUBLICATION, DISTRIBUTION, ETC. | |
| Place of publication, distribution, etc. | New York: |
| Name of publisher, distributor, etc. | Palgrave Macmillan; |
| Date of publication, distribution, etc. | 2010. |
| 300 ## - PHYSICAL DESCRIPTION | |
| Extent | 163 Pages |
| Other physical details | Illustrations |
| Dimensions | 21 cm |
| 942 ## - ADDED ENTRY ELEMENTS | |
| item type | Books |
| Source of classification or shelving scheme | Dewey Decimal Classification |
| -- | 162 |
| -- | Elsie Maluleke |
| Withdrawn status | Lost status | Damaged status | Not for loan | Home library | Current library | Date acquired | Cost, normal purchase price | Total Checkouts | Barcode | Date last seen | Price effective from | item type | Source of classification or shelving scheme | Full call number |
|---|---|---|---|---|---|---|---|---|---|---|---|---|---|---|
| Barberton | Barberton | 19.08.2021 | 68.00 | 33228017321694 | 19.08.2021 | 19.08.2021 | Books | |||||||
| Mashishing | Mashishing | 17.02.2025 | 33228017919562 | 17.02.2025 | 17.02.2025 | Books | Dewey Decimal Classification | 004,1 GRIX | ||||||
| Mashishing | Mashishing | 17.02.2025 | 33228023597352 | 17.02.2025 | 17.02.2025 | Books | Dewey Decimal Classification | 004,1 GRIX |